Daivōpahatuḍu. (Record no. 78892)
[ view plain ]
| 000 -LEADER | |
|---|---|
| fixed length control field | 00530cam a22002171 4500 |
| 001 - CONTROL NUMBER | |
| control field | sa 68002649 |
| 003 - CONTROL NUMBER IDENTIFIER | |
| control field | DLC |
| 005 - DATE AND TIME OF LATEST TRANSACTION | |
| control field | 20260227112445.0 |
| 008 - FIXED-LENGTH DATA ELEMENTS--GENERAL INFORMATION | |
| fixed length control field | 900130q19601968ii 000 1 telo |
| 010 ## - LIBRARY OF CONGRESS CONTROL NUMBER | |
| LC control number | sa 68002649 |
| 035 ## - SYSTEM CONTROL NUMBER | |
| System control number | (OCoLC)20974752 |
| 040 ## - CATALOGING SOURCE | |
| Original cataloging agency | DLC |
| Transcribing agency | WaU |
| Modifying agency | DLC |
| 042 ## - AUTHENTICATION CODE | |
| Authentication code | premarc |
| 050 00 - LIBRARY OF CONGRESS CALL NUMBER | |
| Classification number | PL4780.9.S639 |
| Item number | D3 |
| 100 0# - MAIN ENTRY--PERSONAL NAME | |
| Personal name | Śrīmūrti. |
| 245 10 - TITLE STATEMENT | |
| Title | Daivōpahatuḍu. |
| 260 ## - PUBLICATION, DISTRIBUTION, ETC. | |
| Place of publication, distribution, etc. | Amalapuram, |
| Name of publisher, distributor, etc. | V. G. S. Publishers |
| Date of publication, distribution, etc. | [196-] |
| 300 ## - PHYSICAL DESCRIPTION | |
| Extent | 114 p. |
| Dimensions | 18 cm. |
| 500 ## - GENERAL NOTE | |
| General note | In Telugu. |
| 500 ## - GENERAL NOTE | |
| General note | A novel. |
No items available.